[Event "Hessen-ch U12"]
[Site "Bad Homburg"]
[Date "2012.??.??"]
[Round "7"]
[White "Wallrabenstein, Sonja"]
[Black "Bambey, Marius"]
[Result "1/2-1/2"]
[WhiteElo "1008"]
[BlackElo "806"]
[PlyCount "41"]
[EventDate "2012.04.??"]
[EventType "swiss"]
[EventRounds "9"]
[EventCountry "GER"]
[SourceTitle "EXT 2015"]
[Source "ChessBase"]
[SourceDate "2014.11.20"]
[SourceVersion "1"]
[SourceVersionDate "2014.11.20"]
[SourceQuality "1"]

1. g3 e5 2. d3 Nf6 3. Nf3 Nc6 4. Bg2 Bc5 5. 0-0 0-0 6. Bd2 d6 7. c4 Bg4 8. a3 Re8 9. b4 Bb6 10. Re1 a6 11. Nc3 a5 12. b5 Na7 13. a4 c6 14. Nb1 e4 15. Ng5 exd3 16. Nf3 dxe2 17. Rxe2 Rxe2 18. Qxe2 Qe8 19. Qd3 Qe6 20. Nc3 Rd8 21. Re1 1/2-1/2

[Event "Hessen-ch U12"]
[Site "Bad Homburg"]
[Date "2012.??.??"]
[Round "1"]
[White "Wallrabenstein, Sonja"]
[Black "Pralle, Finnegan"]
[Result "1-0"]
[WhiteElo "1008"]
[BlackElo "756"]
[PlyCount "91"]
[EventDate "2012.04.??"]
[EventType "swiss"]
[EventRounds "9"]
[EventCountry "GER"]
[SourceTitle "EXT 2015"]
[Source "ChessBase"]
[SourceDate "2014.11.20"]
[SourceVersion "1"]
[SourceVersionDate "2014.11.20"]
[SourceQuality "1"]

1. g3 d5 2. Bg2 Nc6 3. Nf3 Bg4 4. 0-0 e6 5. b3 Bc5 6. c4 Nf6 7. d3 0-0 8. Bd2 Nd4 9. Nxd4 Bxd4 10. Bc3 Bxc3 11. Nxc3 h6 12. Qd2 Re8 13. Rad1 c6 14. b4 Qe7 15. a3 Rad8 16. Qc2 dxc4 17. dxc4 Rxd1 18. Rxd1 Rd8 19. c5 Rxd1+ 20. Qxd1 Nd5 21. Qd4 Nxc3 22. Qxg4 Qd7 23. Qf3 Qd1+ 24. Bf1 e5 25. Qxc3 Qd5 26. e3 b5 27. Qd3 Qxd3 28. Bxd3 Kf8 29. Be4 Ke7 30. Bxc6 Ke6 31. Bxb5 Kd5 32. c6 Kd6 33. Ba4 g5 34. Kg2 g4 35. b5 f5 36. h3 h5 37. Bc2 e4 38. Bb3 Kc7 39. Be6 a6 40. a4 axb5 41. axb5 Kb6 42. Bxf5 h4 43. Bxe4 gxh3+ 44. Kxh3 hxg3 45. Kxg3 Kc7 46. f4 1-0

[Event "Hessen-ch U12"]
[Site "Bad Homburg"]
[Date "2012.??.??"]
[Round "5"]
[White "Wallrabenstein, Sonja"]
[Black "Weber, Samuel"]
[Result "0-1"]
[WhiteElo "1008"]
[BlackElo "1170"]
[PlyCount "54"]
[EventDate "2012.04.??"]
[EventType "swiss"]
[EventRounds "9"]
[EventCountry "GER"]
[SourceTitle "EXT 2015"]
[Source "ChessBase"]
[SourceDate "2014.11.20"]
[SourceVersion "1"]
[SourceVersionDate "2014.11.20"]
[SourceQuality "1"]

1. g3 Nf6 2. Bg2 g6 3. Nf3 Bg7 4. 0-0 0-0 5. c4 d6 6. b4 Bf5 7. Bb2 Nbd7 8. d3 e5 9. Nh4 Be6 10. Bxb7 Rb8 11. Bg2 Rxb4 12. Qd2 Rb8 13. Ba3 Re8 14. Qa5 Nb6 15. Qxa7 d5 16. cxd5 Nfxd5 17. Qa5 f5 18. Nd2 e4 19. Rab1 e3 20. Nb3 exf2+ 21. Rxf2 Nc3 22. Rb2 Bxb3 23. axb3 Bd4 24. Rc2 Bxf2+ 25. Kxf2 Qd4+ 26. Kf1 Nd1 27. Rxc7 Qf2# 0-1